Loading...
| Social Science | 1 | 8 | 1 | 1 | 90 | 75 | 95.78 | 2 | 5 | 0.00 | 0.00 |
| Fine Arts - Classical Music and Opera | 3 | 5 | 1 | 0 | 90 | 58 | 83.38 | 1 | 6 | 0.00 | 0.00 |
| Science - Chemistry | 1 | 5 | 0 | 2 | 65 | 56 | 94.33 | 0 | 4 | 0.00 | 0.00 |
| Science - Other | 1 | 5 | 1 | 1 | 60 | 54 | 83.83 | 2 | 4 | 0.00 | 0.00 |
| Fine Arts - Other Arts | 2 | 1 | 0 | 1 | 40 | 20 | 87.00 | 1 | 2 | 0.00 | 0.00 |
| Modern World | 2 | 0 | 0 | 0 | 30 | 36 | 53.50 | 1 | 2 | 0.00 | 0.00 |
| Science - Physics | 1 | 2 | 1 | 1 | 30 | 52 | 86.67 | 0 | 2 | 0.00 | 0.00 |
| Beliefs | 1 | 1 | 0 | 0 | 25 | 67 | 74.00 | 1 | 2 | 0.00 | 0.00 |
| Science - Biology | 0 | 3 | 1 | 0 | 25 | 82 | 105.67 | 1 | 2 | 0.00 | 0.00 |
| History - American | 0 | 2 | 0 | 1 | 20 | 108 | 111.50 | 1 | 1 | 0.00 | 0.00 |
| History - World | 0 | 2 | 1 | 0 | 15 | 97 | 101.00 | 0 | 0 | 0.00 | 0.00 |
| Geography | 1 | 0 | 0 | 0 | 15 | 44 | 44.00 | 0 | 1 | 0.00 | 0.00 |
| Literature - British | 0 | 1 | 0 | 0 | 10 | 134 | 134.00 | 0 | 1 | 0.00 | 0.00 |
| History - European | 0 | 1 | 0 | 0 | 10 | 100 | 100.00 | 0 | 0 | 0.00 | 0.00 |
| Literature - European | 0 | 1 | 0 | 0 | 10 | 111 | 111.00 | 0 | 0 | 0.00 | 0.00 |
| Other Academic | 0 | 1 | 0 | 0 | 10 | 88 | 88.00 | 0 | 1 | 0.00 | 0.00 |
| History - Ancient | 0 | 1 | 1 | 1 | 5 | 127 | 127.00 | 0 | 0 | 0.00 | 0.00 |
| Literature - American | 0 | 0 | 0 | 0 | 0 | 0.00 | 0 | 0 | 0.00 | 0.00 | |
| Visual Arts | 0 | 0 | 1 | 0 | -5 | 0.00 | 0 | 0 | 0.00 | 0.00 |